Widok standardowy
Widok MARC
Pozycja Corporate Name
Liczba rekordów, w których użyto hasła: 1
001 - Numer kontrolny
- control field: 40681
003 - Identyfikator numeru kontrolnego
- control field: NUKAT
005 - Data i czas ostatniej modyfikacji
- control field: 20260427141650.0
008 - Dane kontrolne kodowane (40 znaków)
- fixed length control field: 200512n||azznnbabn |a ana |c
010 ## - Numer kontrolny Biblioteki Kongresu
- numer kontrolny LC: p 2020061454
035 ## - Numer systemowy
- numer systemowy: (PL)a1000000768148
040 ## - Instytucja sporządzająca rekord
- inst. przygot. dane do rek. khw: WA N
- język haseł przedmiotowych/tezaurus: DBN
- inst. wprow. rek. khw: WA N
043 ## - Kod obszaru geograficznego
- ISO code: PL
- ISO code: GB
046 ## - Special dates
- Establishment date: 1940
- Termination date: 1941
110 2# - Hasło - nazwa ciała zbiorowego
- nazwa ciała zbior. lub geogr. na pocz.: Obóz dyscyplinarny (Polskie Siły Zbrojne na Zachodzie)
370 ## - Associated place
- Country: Polska
370 ## - Associated place
- Country: Wielka Brytania
370 ## - Associated place
- Other assoc. place: Abernethy (Wielka Brytania, hrabstwo Perth and Kinross)
372 ## - Field of activity
- Field: Obozy dla internowanych
372 ## - Field of activity
- Field: Więzienia wojskowe
377 ## - Assoc lang
- Lang code: pol
410 2# - Trop zob. - nazwa ciała zbiorowego
- nazwa ciała zbior. lub geogr. na pocz.: Polskie Siły Zbrojne na Zachodzie.
- nazwa jednostki podrzędnej: 1 Korpus Pancerno-Motorowy.
- nazwa jednostki podrzędnej: Służba Sprawiedliwości.
- nazwa jednostki podrzędnej: Obóz Dyscyplinarny
410 2# - Trop zob. - nazwa ciała zbiorowego
- nazwa ciała zbior. lub geogr. na pocz.: Polskie Siły Zbrojne na Zachodzie.
- nazwa jednostki podrzędnej: Obóz Dyscyplinarny
665 ## - Nota historyczna
- nota historyczna: Pierwszą siedzibą były okolice osady Kingledoors (hrabstwo Lanarkshire), od 23 listopada 1940 tereny dawnej farmy Shinafoot w okolicach Auchterarder (hrabstwo Perth), od maja do listopada 1941 okolice miasteczka Abernethey (hrabstwo Perth).
670 ## - Źródło informacji
- źródło informacji: Nie tylko Rothesay / Krzysztof Kaczmarski. - Warszawa ; Rzeszów, 2020.